[Event "Politiken Cup 2008"]
[Site "Helsingør DEN"]
[Date "2008.07.19"]
[Round "1.8"]
[White "Hansen, Rene Rauer"]
[Black "Landa, Konstantin"]
[Result "0-1"]
[WhiteElo "2001"]
[BlackElo "2615"]
[PlyCount "58"]
[EventDate "2008.07.20"]
[EventType "swiss"]
[EventRounds "9"]
[EventCountry "DEN"]
[Source "lmi"]
[SourceDate "2008.07.20"]
[WhiteTeam "Læseforeningen"]

1. e4 c5 2. Nf3 e6 3. d4 cxd4 4. Nxd4 a6 5. a3 Nf6 6. Nc3 Qc7 7. Be2 b5 8. Bf3
Nc6 9. Nxc6 dxc6 10. Bg5 Be7 11. O-O Ng4 12. Bxg4 Bxg5 13. Qe2 Bf6 14. Rfe1 Be5
15. g3 Bb7 16. Rad1 O-O 17. Rd3 Rfd8 18. Red1 c5 19. Rxd8+ Rxd8 20. Rxd8+ Qxd8
21. Bh3 g6 22. Qd3 Qxd3 23. cxd3 b4 24. axb4 cxb4 25. Nd1 a5 26. b3 a4 27. bxa4
b3 28. d4 Bxd4 29. Bf1 Bxe4 0-1

[Event "Politiken Cup 2008"]
[Site "Helsingør DEN"]
[Date "2008.07.19"]
[Round "1.10"]
[White "Sondergaard, Thomas"]
[Black "Berg, Emanuel"]
[Result "0-1"]
[WhiteElo "1998"]
[BlackElo "2592"]
[PlyCount "70"]
[EventDate "2008.07.20"]
[EventType "swiss"]
[EventRounds "9"]
[EventCountry "DEN"]
[Source "lmi"]
[SourceDate "2008.07.20"]
[WhiteTeam "Ålborg"]
[BlackTeam "Helsinge"]

1. e4 c5 2. f4 e6 3. Nc3 Nc6 4. Nf3 Nge7 5. g3 d6 6. Bg2 g6 7. O-O Bg7 8. d3
O-O 9. Be3 Nd4 10. Bf2 Nec6 11. Qd2 Nxf3+ 12. Bxf3 b6 13. Rae1 Bb7 14. Kh1 Qd7
15. Bg2 f5 16. b3 Rad8 17. h3 Nd4 18. Bg1 d5 19. e5 Nc6 20. a4 d4 21. Nb5 Nb4
22. Nd6 Bxg2+ 23. Qxg2 Rb8 24. g4 Kh8 25. g5 Rg8 26. Re2 Bf8 27. Nc4 Be7 28. h4
a6 29. Rf3 b5 30. Nb2 Nd5 31. Qh3 Qc6 32. Rg2 Nc3 33. axb5 axb5 34. Bf2 Ra8 35.
Be1 Ra1 0-1

[Event "Politiken Cup 2008"]
[Site "Helsingør DEN"]
[Date "2008.07.19"]
[Round "1.11"]
[White "Golod, Vitali"]
[Black "Hollesen, Kurt"]
[Result "1-0"]
[WhiteElo "2578"]
[BlackElo "1996"]
[PlyCount "55"]
[EventDate "2008.07.20"]
[EventType "swiss"]
[EventRounds "9"]
[EventCountry "DEN"]
[Source "lmi"]
[SourceDate "2008.07.20"]
[BlackTeam "K41"]

1. d4 d5 2. c4 e6 3. Nf3 Nf6 4. Nc3 Bb4 5. cxd5 exd5 6. Bg5 c6 7. Rc1 O-O 8. e3
h6 9. Bh4 Nbd7 10. Bd3 Re8 11. O-O Qa5 12. Qc2 Bxc3 13. bxc3 b5 14. Nd2 c5 15.
Bxf6 gxf6 16. Qd1 c4 17. Bb1 Nf8 18. Qh5 Kg7 19. Qxd5 Rb8 20. Nxc4 Qc7 21. Nd6
Rd8 22. Nf5+ Bxf5 23. Qxf5 Rdc8 24. Qg4+ Kh8 25. f4 b4 26. c4 b3 27. axb3 Rxb3
28. Rf3 1-0

[Event "Politiken Cup 2008"]
[Site "Helsingør DEN"]
[Date "2008.07.19"]
[Round "1.12"]
[White "Rasmussen, Morten"]
[Black "Kuzubov, Yuriy"]
[Result "0-1"]
[WhiteElo "1996"]
[BlackElo "2578"]
[PlyCount "48"]
[EventDate "2008.07.20"]
[EventType "swiss"]
[EventRounds "9"]
[EventCountry "DEN"]
[Source "lmi"]
[SourceDate "2008.07.20"]
[WhiteTeam "Skanderborg"]

1. d4 Nf6 2. Nf3 c5 3. c3 d5 4. e3 Bg4 5. Nbd2 Nc6 6. Be2 e6 7. O-O Rc8 8. Re1
Bd6 9. dxc5 Bxc5 10. b4 Bd6 11. Bb2 O-O 12. Rc1 Qe7 13. a3 a5 14. b5 Nb8 15. a4
Nbd7 16. c4 Bb4 17. Bxf6 Nxf6 18. Ne5 Bxe2 19. Rxe2 Rfd8 20. cxd5 Nxd5 21. Rxc8
Rxc8 22. Nb1 Qd6 23. Nd3 Nb6 24. Rc2 Rd8 0-1

[Event "Politiken Cup 2008"]
[Site "Helsingør DEN"]
[Date "2008.07.19"]
[Round "1.13"]
[White "Savchenko, Boris"]
[Black "Nordin, Eric"]
[Result "1-0"]
[WhiteElo "2578"]
[BlackElo "1991"]
[PlyCount "49"]
[EventDate "2008.07.20"]
[EventType "swiss"]
[EventRounds "9"]
[EventCountry "DEN"]
[Source "lmi"]
[SourceDate "2008.07.20"]
[BlackTeam "Åstorp"]

1. c4 g6 2. e4 Bg7 3. d4 d6 4. Nc3 Nd7 5. f3 e5 6. d5 Ne7 7. Be3 f5 8. g4 fxg4
9. fxg4 Nf6 10. h3 O-O 11. Nge2 c6 12. Ng3 cxd5 13. exd5 Qa5 14. Qd2 Bd7 15.
Nce4 Qxd2+ 16. Kxd2 Nc8 17. Be2 Nxe4+ 18. Nxe4 a6 19. Rhf1 b5 20. Rxf8+ Kxf8
21. Rf1+ Ke8 22. c5 dxc5 23. Bxc5 Ne7 24. Nd6+ Kd8 25. Bb6# 1-0

[Event "Politiken Cup 2008"]
[Site "Helsingør DEN"]
[Date "2008.07.19"]
[Round "1.14"]
[White "Petersen, Martin Reib"]
[Black "Kogan, Artur"]
[Result "0-1"]
[WhiteElo "1987"]
[BlackElo "2569"]
[PlyCount "52"]
[EventDate "2008.07.20"]
[EventType "swiss"]
[EventRounds "9"]
[EventCountry "DEN"]
[Source "lmi"]
[SourceDate "2008.07.20"]
[WhiteTeam "Øbro"]

1. Nf3 Nf6 2. g3 d5 3. Bg2 c6 4. O-O Bg4 5. b3 Nbd7 6. Bb2 e6 7. d3 a5 8. Nc3
Be7 9. Qd2 O-O 10. Rae1 b5 11. Nd1 a4 12. Ne3 Bh5 13. Nd4 Qb6 14. c4 axb3 15.
axb3 bxc4 16. dxc4 Bb4 17. Bc3 Bxc3 18. Qxc3 c5 19. Nb5 d4 20. Qb2 dxe3 21.
Bxa8 exf2+ 22. Rxf2 Rxa8 23. e4 Ng4 24. Rd2 Nge5 25. Ra1 Rxa1+ 26. Qxa1 Nf3+
0-1

[Event "Politiken Cup 2008"]
[Site "Helsingør DEN"]
[Date "2008.07.19"]
[Round "1.17"]
[White "Hansen, Sune Berg"]
[Black "Jacobsen, Súni"]
[Result "1-0"]
[WhiteElo "2542"]
[BlackElo "1981"]
[PlyCount "47"]
[EventDate "2008.07.20"]
[EventType "swiss"]
[EventRounds "9"]
[EventCountry "DEN"]
[Source "lmi"]
[SourceDate "2008.07.20"]
[WhiteTeam "Helsingør"]
[BlackTeam "Havnar Telvingarfelag"]

1. e4 c5 2. Nf3 e6 3. d4 cxd4 4. Nxd4 Nf6 5. Nc3 d6 6. Be2 a6 7. f4 Nc6 8. Be3
Qc7 9. O-O Be7 10. Kh1 O-O 11. a4 b6 12. Nxc6 Qxc6 13. Bf3 e5 14. g4 Bb7 15. g5
Nd7 16. Nd5 Bd8 17. f5 Nc5 18. b3 Rc8 19. Bg2 Qe8 20. f6 Bxd5 21. exd5 Kh8 22.
Qh5 Rg8 23. Qh3 Qd7 24. b4 1-0

[Event "Politiken Cup 2008"]
[Site "Helsingør DEN"]
[Date "2008.07.19"]
[Round "1.18"]
[White "Boje, Tobias"]
[Black "Schandorff, Lars"]
[Result "1/2-1/2"]
[WhiteElo "1979"]
[BlackElo "2537"]
[PlyCount "60"]
[EventDate "2008.07.20"]
[EventType "swiss"]
[EventRounds "9"]
[EventCountry "DEN"]
[Source "lmi"]
[SourceDate "2008.07.20"]
[WhiteTeam "Viby"]
[BlackTeam "Helsinge"]

1. e4 e5 2. Nf3 Nc6 3. Bb5 a6 4. Ba4 Nf6 5. O-O Be7 6. Re1 b5 7. Bb3 d6 8. c3
O-O 9. h3 Na5 10. Bc2 c5 11. d4 Qc7 12. Nbd2 cxd4 13. cxd4 Nc6 14. a3 exd4 15.
Nb3 Nd7 16. Nbxd4 Nxd4 17. Nxd4 Ne5 18. Bf4 Bf6 19. Rc1 Qb6 20. b3 Qxd4 21.
Qxd4 Nf3+ 22. gxf3 Bxd4 23. Bxd6 Rd8 24. e5 Bb2 25. Rb1 Bc3 26. Red1 Bxh3 27.
Be4 Ra7 28. Rbc1 Bb2 29. Rb1 Bc3 30. Rbc1 Bb2 1/2-1/2

[Event "Politiken Cup 2008"]
[Site "Helsingør DEN"]
[Date "2008.07.19"]
[Round "1.19"]
[White "Hector, Jonny"]
[Black "Fischer, Thomas"]
[Result "1-0"]
[WhiteElo "2537"]
[BlackElo "1976"]
[PlyCount "29"]
[EventDate "2008.07.20"]
[EventType "swiss"]
[EventRounds "9"]
[EventCountry "DEN"]
[Source "lmi"]
[SourceDate "2008.07.20"]
[WhiteTeam "Nordkalotten"]
[BlackTeam "SC Grunbach"]

1. d4 Nf6 2. Nc3 b6 3. e4 Bb7 4. e5 Ne4 5. Qf3 d5 6. Bb5+ Nd7 7. e6 fxe6 8.
Nxe4 dxe4 9. Qh5+ g6 10. Qe5 Rg8 11. Qxe6 Rg7 12. Nh3 Rf7 13. Ng5 Rf6 14. Qg8
c6 15. Bc4 1-0

[Event "Politiken Cup 2008"]
[Site "Helsingør DEN"]
[Date "2008.07.19"]
[Round "1.21"]
[White "Hillarp Persson, Tiger"]
[Black "Berkemer, Rainer"]
[Result "1-0"]
[WhiteElo "2526"]
[BlackElo "1975"]
[PlyCount "83"]
[EventDate "2008.07.20"]
[EventType "swiss"]
[EventRounds "9"]
[EventCountry "DEN"]
[Source "lmi"]
[SourceDate "2008.07.20"]
[WhiteTeam "Brønshøj"]
[BlackTeam "SF Neckartenzlingen"]

1. e4 d5 2. exd5 Nf6 3. d4 Nxd5 4. c4 Nb6 5. Nf3 g6 6. Be2 Bg7 7. O-O Nc6 8. d5
Ne5 9. Nxe5 Bxe5 10. Nc3 e6 11. Be3 O-O 12. Qb3 exd5 13. cxd5 Bd7 14. Rad1 Qf6
15. Rd2 Rfe8 16. Rfd1 Bxc3 17. Qxc3 Qxc3 18. bxc3 Re4 19. d6 cxd6 20. Rxd6 Bc6
21. Bf3 Rc4 22. Bh6 Re8 23. Rd8 Ba4 24. Rxe8+ Bxe8 25. Rd8 Rc8 26. Rxc8 Nxc8
27. Bxb7 Nd6 28. Bd5 Bb5 29. f3 Nf5 30. Bf4 Kf8 31. Kf2 Ke8 32. Be5 Ne7 33. Bb3
Nc6 34. Bf6 Nb8 35. Ke3 Nd7 36. Bd4 a6 37. g4 f6 38. h4 Ke7 39. h5 Kd6 40. h6
Ne5 41. Bxe5+ Kxe5 42. f4+ 1-0

[Event "Politiken Cup 2008"]
[Site "Helsingør DEN"]
[Date "2008.07.19"]
[Round "1.23"]
[White "Brunello, Sabino"]
[Black "Andersen, Daniel"]
[Result "1-0"]
[WhiteElo "2482"]
[BlackElo "1969"]
[PlyCount "41"]
[EventDate "2008.07.20"]
[EventType "swiss"]
[EventRounds "9"]
[EventCountry "DEN"]
[Source "lmi"]
[SourceDate "2008.07.20"]
[BlackTeam "Frederikssund"]

1. d4 Nf6 2. c4 g6 3. g3 Bg7 4. Nf3 O-O 5. Bg2 d5 6. cxd5 Nxd5 7. O-O Nc6 8. e3
Nb6 9. Nc3 e5 10. d5 Na5 11. e4 c6 12. Bg5 f6 13. Be3 cxd5 14. Bxb6 Qxb6 15.
Nxd5 Qd6 16. Rc1 f5 17. Rc7 Kh8 18. Ng5 Be6 19. Rxg7 Kxg7 20. Nc7 Qxd1 21.
Ngxe6+ 1-0

[Event "Politiken Cup 2008"]
[Site "Helsingør DEN"]
[Date "2008.07.19"]
[Round "1.25"]
[White "Brynell, Stellan"]
[Black "Ochsner, Bjorn Moller"]
[Result "1-0"]
[WhiteElo "2468"]
[BlackElo "1963"]
[PlyCount "103"]
[EventDate "2008.07.20"]
[EventType "swiss"]
[EventRounds "9"]
[EventCountry "DEN"]
[Source "lmi"]
[SourceDate "2008.07.20"]
[WhiteTeam "Nordkalotten"]
[BlackTeam "Århus/skolerne"]

1. d4 Nf6 2. c4 g6 3. g3 Bg7 4. Bg2 O-O 5. Nc3 d6 6. Nf3 Nbd7 7. O-O e5 8. h3
Re8 9. e4 exd4 10. Nxd4 Ne5 11. b3 a6 12. Be3 Rb8 13. a4 c5 14. Nde2 Qc7 15.
Nf4 Be6 16. Qd2 Qb6 17. Rab1 Rbd8 18. Rfd1 Qb4 19. Qc2 Nc6 20. Nfe2 Qa5 21. Qd2
h5 22. Bf4 Ne5 23. Qc2 Nh7 24. Nd5 Bxd5 25. Rxd5 b5 26. Rbd1 bxc4 27. bxc4 Qb6
28. R5d2 Bf8 29. Rb1 Qc7 30. Nc3 Rb8 31. Nd5 Rxb1+ 32. Qxb1 Rb8 33. Rb2 Rxb2
34. Qxb2 Qa5 35. Bxe5 dxe5 36. Qxe5 Qxa4 37. Bf1 Qc6 38. Qc3 Qe6 39. Qe3 Nf6
40. f4 Nd7 41. Bg2 a5 42. Qb3 Qa6 43. Qa4 Nb8 44. e5 Kg7 45. Be4 Qa7 46. Kh2
Nd7 47. Qc6 a4 48. Nc7 Nxe5 49. fxe5 a3 50. Bd5 Be7 51. Qd7 a2 52. Ne8+ 1-0

[Event "Politiken Cup 2008"]
[Site "Helsingør DEN"]
[Date "2008.07.19"]
[Round "1.26"]
[White "Henrichsen, Jens"]
[Black "Delemarre, Jop"]
[Result "1/2-1/2"]
[WhiteElo "1966"]
[BlackElo "2467"]
[PlyCount "44"]
[EventDate "2008.07.20"]
[EventType "swiss"]
[EventRounds "9"]
[EventCountry "DEN"]
[Source "lmi"]
[SourceDate "2008.07.20"]
[WhiteTeam "AS04"]

1. d4 Nf6 2. c4 c5 3. d5 d6 4. Nc3 g6 5. e4 Bg7 6. Nf3 O-O 7. h3 e6 8. Bd3 Na6
9. O-O Nc7 10. Re1 Rb8 11. a4 e5 12. Bg5 h6 13. Be3 Nh5 14. Qd2 g5 15. Nh2 Nf4
16. Bc2 Na6 17. Nf1 Nb4 18. Bb1 Qf6 19. Ng3 g4 20. hxg4 Bxg4 21. f3 Qh4 22. Nf5
Bxf5 1/2-1/2

[Event "Politiken Cup 2008"]
[Site "Helsingør DEN"]
[Date "2008.07.19"]
[Round "1.27"]
[White "Antonsen, Mikkel"]
[Black "Botheim, Tor"]
[Result "1/2-1/2"]
[WhiteElo "2455"]
[BlackElo "1964"]
[PlyCount "108"]
[EventDate "2008.07.20"]
[EventType "swiss"]
[EventRounds "9"]
[EventCountry "DEN"]
[Source "lmi"]
[SourceDate "2008.07.20"]
[WhiteTeam "Næstved"]
[BlackTeam "1911"]

1. d4 f5 2. Nc3 Nf6 3. Bg5 d5 4. Bxf6 exf6 5. e3 Be6 6. Bd3 c6 7. Nce2 Qd7 8.
c3 Bd6 9. Qc2 g6 10. Nf3 O-O 11. h4 h5 12. a3 a5 13. c4 Qe7 14. O-O Nd7 15. Nd2
Bc7 16. g3 Nb6 17. c5 Nd7 18. b4 axb4 19. axb4 Kg7 20. Kh1 Rg8 21. b5 Kh6 22.
Rxa8 Rxa8 23. b6 Bb8 24. Nb3 Nf8 25. Ra1 Rxa1+ 26. Nxa1 Qd7 27. Qa4 g5 28. Qa8
Qc8 29. Nb3 f4 30. gxf4 gxf4 31. Nxf4 Bxf4 32. Qxc8 Bxc8 33. exf4 f5 34. Kg2
Kg6 35. Be2 Ne6 36. Kf3 Ng7 37. Nc1 Kf6 38. Nd3 Ke7 39. Ne5 Kf6 40. Ke3 Ke7 41.
Bd1 Kf6 42. Ba4 Ne6 43. Bxc6 bxc6 44. Nxc6 Bb7 45. Na7 Nd8 46. Nb5 Bc6 47. Nc7
Ne6 48. Ne8+ Kg6 49. Nd6 Nd8 50. Kd2 Kf6 51. Kc3 Ke6 52. Kb4 Nb7 53. Nb5 Kd7
54. Na7 Nd8 1/2-1/2

[Event "Politiken Cup 2008"]
[Site "Helsingør DEN"]
[Date "2008.07.19"]
[Round "1.28"]
[White "Moustgaard, Alvin"]
[Black "Kristiansen, Jens"]
[Result "0-1"]
[WhiteElo "1961"]
[BlackElo "2441"]
[PlyCount "74"]
[EventDate "2008.07.20"]
[EventType "swiss"]
[EventRounds "9"]
[EventCountry "DEN"]
[Source "lmi"]
[SourceDate "2008.07.20"]
[WhiteTeam "Tjele"]
[BlackTeam "Bornholm"]

1. e4 g6 2. Nf3 Bg7 3. d4 d6 4. Bg5 Nc6 5. Be2 Bg4 6. c3 Nf6 7. Nbd2 h6 8. Be3
O-O 9. O-O e5 10. h3 Bd7 11. Nh2 Re8 12. Qc2 exd4 13. cxd4 Qe7 14. Bf3 Nh7 15.
Qc4 Ng5 16. Rfe1 Qf6 17. h4 Nxf3+ 18. Nhxf3 Rac8 19. Rad1 Bg4 20. Qc2 Re7 21.
d5 Ne5 22. Bd4 Bxf3 23. Bxe5 Bxd1 24. Bxf6 Bxc2 25. Bxe7 Re8 26. Rc1 Bxe4 27.
Rxc7 Bxd5 28. Bxd6 Re1+ 29. Kh2 Re2 30. Nf3 Rxf2 31. Kg3 Rxb2 32. a3 Rb3 33.
Rc5 Rd3 34. Be7 Bc6 35. Ra5 h5 36. Rxa7 Be5+ 37. Kf2 Rxf3+ 0-1

[Event "Politiken Cup 2008"]
[Site "Helsingør DEN"]
[Date "2008.07.19"]
[Round "1.29"]
[White "Ashwin, Jayaram"]
[Black "Ronningen, Anders"]
[Result "1-0"]
[WhiteElo "2436"]
[BlackElo "1960"]
[PlyCount "71"]
[EventDate "2008.07.20"]
[EventType "swiss"]
[EventRounds "9"]
[EventCountry "DEN"]
[Source "lmi"]
[SourceDate "2008.07.20"]
[BlackTeam "Kongsvinger"]

1. e4 e6 2. d4 d5 3. Nd2 dxe4 4. Nxe4 Nf6 5. Nxf6+ gxf6 6. Nf3 b6 7. Bf4 Bb7 8.
Bd3 Bd6 9. Qd2 c6 10. O-O-O Qc7 11. Bg3 Nd7 12. Qh6 O-O-O 13. Kb1 Rdg8 14. Nd2
c5 15. Bxd6 Qxd6 16. Nc4 Qxd4 17. Be4 Qxc4 18. Bxb7+ Kc7 19. Rxd7+ Kxd7 20.
Qxf6 Qd4 21. Qxf7+ Kd8 22. Bf3 Rg7 23. Qxe6 Rg6 24. Qf7 Rg7 25. Qf5 Rd7 26. Bg4
Rd5 27. Qc8+ Ke7 28. Qe6+ Kd8 29. Re1 Kc7 30. c4 Rd6 31. Qe7+ Kb8 32. Rd1 Qxd1+
33. Bxd1 Rxd1+ 34. Kc2 Rhd8 35. Qe2 R1d4 36. f4 1-0

[Event "Politiken Cup 2008"]
[Site "Helsingør DEN"]
[Date "2008.07.19"]
[Round "1.30"]
[White "Grass, Ernest"]
[Black "Lindberg, Bengt"]
[Result "0-1"]
[WhiteElo "1953"]
[BlackElo "2432"]
[PlyCount "70"]
[EventDate "2008.07.20"]
[EventType "swiss"]
[EventRounds "9"]
[EventCountry "DEN"]
[Source "lmi"]
[SourceDate "2008.07.20"]
[WhiteTeam "Schachfreunde Braunfelds"]

1. e4 c5 2. Nc3 Nc6 3. g3 g6 4. Bg2 Bg7 5. Nge2 d6 6. d3 Rb8 7. O-O b5 8. Nd5
e6 9. Ne3 Nge7 10. f4 f5 11. c3 b4 12. d4 bxc3 13. bxc3 cxd4 14. Nxd4 Nxd4 15.
cxd4 fxe4 16. Bxe4 O-O 17. Nc2 Bb7 18. Bxb7 Rxb7 19. Qe2 Qd7 20. Be3 Nd5 21.
Qd3 Rc8 22. Bd2 Qa4 23. Rac1 Rbc7 24. Qe4 Qd7 25. Na1 Nf6 26. Rxc7 Rxc7 27. Qe3
d5 28. Nb3 Ne4 29. Nc5 Nxc5 30. dxc5 d4 31. Qa3 Qd5 32. Rc1 Bf8 33. Bb4 d3 34.
Rd1 Rd7 35. Qc3 Bg7 0-1

[Event "Politiken Cup 2008"]
[Site "Helsingør DEN"]
[Date "2008.07.19"]
[Round "1.31"]
[White "Tania, Sachdev"]
[Black "Rasmussen, Henning"]
[Result "1-0"]
[WhiteElo "2432"]
[BlackElo "1953"]
[PlyCount "45"]
[EventDate "2008.07.20"]
[EventType "swiss"]
[EventRounds "9"]
[EventCountry "DEN"]
[Source "lmi"]
[SourceDate "2008.07.20"]
[BlackTeam "Nykøbing Sj"]

1. d4 Nf6 2. c4 c5 3. d5 b5 4. cxb5 a6 5. b6 e6 6. Nc3 Nxd5 7. Nxd5 exd5 8.
Qxd5 Nc6 9. e4 Be7 10. Bd2 Rb8 11. Bc3 O-O 12. Bc4 Rxb6 13. Nf3 Bb7 14. Qf5 d6
15. O-O Bc8 16. Qh5 Bf6 17. Rad1 h6 18. e5 Bg5 19. Rxd6 Qe7 20. Nxg5 Qxg5 21.
Qxg5 hxg5 22. a4 a5 23. Bb5 1-0

[Event "Politiken Cup 2008"]
[Site "Helsingør DEN"]
[Date "2008.07.19"]
[Round "1.32"]
[White "Lyngsjo, Hakan"]
[Black "Hansen, Torbjorn Ringdal"]
[Result "1-0"]
[WhiteElo "1951"]
[BlackElo "2423"]
[PlyCount "79"]
[EventDate "2008.07.20"]
[EventType "swiss"]
[EventRounds "9"]
[EventCountry "DEN"]
[Source "lmi"]
[SourceDate "2008.07.20"]
[WhiteTeam "SK Bare Bønder"]
[BlackTeam "SK 1911"]

1. e4 e5 2. Nf3 Nc6 3. Bb5 a6 4. Ba4 Nf6 5. O-O b5 6. Bb3 Bc5 7. d3 d6 8. Be3
O-O 9. c3 Bg4 10. h3 Bh5 11. Nbd2 Kh8 12. Re1 Bxe3 13. Rxe3 d5 14. Nf1 d4 15.
Re1 Qd6 16. Ng3 Bxf3 17. Qxf3 g6 18. Red1 Kg7 19. Rac1 Rad8 20. Ne2 dxc3 21.
bxc3 a5 22. a4 b4 23. d4 bxc3 24. d5 Qb4 25. Rxc3 Nb8 26. Rc4 Qb6 27. Bc2 Ne8
28. Qc3 Nd7 29. Rb1 Qf6 30. Qxa5 Qg5 31. Qc3 f5 32. f4 Qf6 33. Rc6 Nd6 34. fxe5
Nxe5 35. Rxc7+ Kh6 36. exf5 Nxf5 37. Rbb7 Rxd5 38. Rxh7+ Kg5 39. h4+ Nxh4 40.
Qg3+ 1-0

[Event "Politiken Cup 2008"]
[Site "Helsingør DEN"]
[Date "2008.07.19"]
[Round "1.33"]
[White "Kurmann, Oliver"]
[Black "Andersen, Dag"]
[Result "1-0"]
[WhiteElo "2394"]
[BlackElo "1944"]
[PlyCount "61"]
[EventDate "2008.07.20"]
[EventType "swiss"]
[EventRounds "9"]
[EventCountry "DEN"]
[Source "lmi"]
[SourceDate "2008.07.20"]
[WhiteTeam "SK Luzern"]
[BlackTeam "Indre Østfolds Sjakkselskab"]

1. e4 e6 2. d4 d5 3. Nd2 Nf6 4. e5 Nfd7 5. f4 c5 6. Ndf3 Nc6 7. c3 Qb6 8. a3 a5
9. b3 cxd4 10. cxd4 Be7 11. h4 O-O 12. Bd3 f5 13. Ne2 Re8 14. h5 h6 15. Rg1 Qd8
16. g4 fxg4 17. Rxg4 Nf8 18. Kf2 Qc7 19. Be3 Bd8 20. Qg1 Kh8 21. Qg2 Rb8 22.
Rg1 Re7 23. Rg6 Rf7 24. Rxh6+ Kg8 25. Rg6 Nxg6 26. Qxg6 Rf5 27. Bxf5 exf5 28.
Qe8+ Kh7 29. Ng5+ Bxg5 30. fxg5 Qe7 31. g6# 1-0

[Event "Politiken Cup 2008"]
[Site "Helsingør DEN"]
[Date "2008.07.19"]
[Round "1.34"]
[White "Gardarsson, Hordur"]
[Black "Moor, Olivier"]
[Result "0-1"]
[WhiteElo "1943"]
[BlackElo "2388"]
[PlyCount "54"]
[EventDate "2008.07.20"]
[EventType "swiss"]
[EventRounds "9"]
[EventCountry "DEN"]
[Source "lmi"]
[SourceDate "2008.07.20"]

1. d4 Nf6 2. Nf3 b6 3. g3 Bb7 4. Bg2 c5 5. c3 g6 6. O-O Bg7 7. Bf4 O-O 8. Nbd2
d6 9. Re1 Nd5 10. e4 Nxf4 11. gxf4 cxd4 12. Nxd4 Nd7 13. f5 Rb8 14. N2f3 b5 15.
fxg6 hxg6 16. Ng5 e5 17. Ndf3 Nc5 18. Bh3 Bh6 19. b4 Na4 20. Qc1 Qe7 21. Kh1 f6
22. Qe3 fxg5 23. Rg1 Rf4 24. Nxg5 Bxg5 25. Rxg5 Qxg5 26. Rg1 Bxe4+ 27. Bg2 Qf5
0-1

[Event "Politiken Cup 2008"]
[Site "Helsingør DEN"]
[Date "2008.07.19"]
[Round "1.35"]
[White "Bulski, Krzysztof"]
[Black "Moller, Arne"]
[Result "1-0"]
[WhiteElo "2388"]
[BlackElo "1943"]
[PlyCount "35"]
[EventDate "2008.07.20"]
[EventType "swiss"]
[EventRounds "9"]
[EventCountry "DEN"]
[Source "lmi"]
[SourceDate "2008.07.20"]
[WhiteTeam "Hetman Katowice-Szopienice"]
[BlackTeam "Amager"]

1. e4 c5 2. Nc3 d6 3. Nf3 Nc6 4. d4 cxd4 5. Nxd4 a6 6. Be3 e6 7. Be2 Be7 8. O-O
Nf6 9. f4 O-O 10. Qe1 Bd7 11. Kh1 Nxd4 12. Bxd4 Bc6 13. Qg3 Qa5 14. Rae1 Qb4
15. Qe3 Rac8 16. a3 Qxb2 17. Rb1 Qxa3 18. Rb3 1-0

[Event "Politiken Cup 2008"]
[Site "Helsingør DEN"]
[Date "2008.07.19"]
[Round "1.36"]
[White "Nielsen, Jens Holm"]
[Black "Olsen, Heini"]
[Result "0-1"]
[WhiteElo "1943"]
[BlackElo "2368"]
[PlyCount "100"]
[EventDate "2008.07.20"]
[EventType "swiss"]
[EventRounds "9"]
[EventCountry "DEN"]
[Source "lmi"]
[SourceDate "2008.07.20"]
[WhiteTeam "Amager"]
[BlackTeam "Klaksvik"]

1. f4 d5 2. Nf3 Nf6 3. e3 g6 4. b3 Bg7 5. Bb2 O-O 6. Be2 c5 7. O-O Nc6 8. Ne5
Bd7 9. d3 Rc8 10. Nd2 Nxe5 11. Bxe5 b5 12. Qe1 Ne8 13. Bxg7 Nxg7 14. g4 e5 15.
Bf3 exf4 16. exf4 Qf6 17. Qe5 Qxe5 18. fxe5 Bc6 19. Rae1 Rc7 20. Bd1 b4 21. Rf2
Re8 22. Rf6 Ne6 23. h4 Rce7 24. Kf2 Bb7 25. h5 Kg7 26. Kg3 Ng5 27. h6+ Kxh6 28.
Nf3 Ne6 29. Nh4 Kg7 30. Rg1 Ng5 31. Re1 Rxe5 32. Rxe5 Rxe5 33. Rd6 d4 34. Kf4
Re3 35. Nf5+ gxf5 36. Kxg5 Re1 37. gxf5 h6+ 38. Kf4 Rxd1 39. Rd7 Bc8 40. f6+
Kxf6 41. Rd6+ Be6 42. Rc6 h5 43. Rxc5 h4 44. Rh5 h3 45. Ke4 Rd2 46. Kxd4 Rxc2
47. Ke4 Rxa2 48. d4 h2 49. d5 Bxd5+ 50. Kxd5 Ra5+ 0-1

[Event "Politiken Cup 2008"]
[Site "Helsingør DEN"]
[Date "2008.07.19"]
[Round "1.37"]
[White "Olsson, Linus"]
[Black "Svane, Rasmus"]
[Result "1-0"]
[WhiteElo "2365"]
[BlackElo "1934"]
[PlyCount "69"]
[EventDate "2008.07.20"]
[EventType "swiss"]
[EventRounds "9"]
[EventCountry "DEN"]
[Source "lmi"]
[SourceDate "2008.07.20"]
[WhiteTeam "LASK"]
[BlackTeam "Lubecker Schachverein 1873"]

1. Nf3 c5 2. c4 Nc6 3. d4 cxd4 4. Nxd4 g6 5. e4 Bg7 6. Be3 Nf6 7. Nc3 d6 8. Be2
O-O 9. Qd2 Bd7 10. Rc1 Rc8 11. O-O Qa5 12. Rfd1 Rfd8 13. f3 a6 14. Nb3 Qc7 15.
Nd5 Qb8 16. Nb6 Rc7 17. Bf1 Ne5 18. Qf2 Be6 19. Nd4 Nfd7 20. Nxe6 fxe6 21. Qh4
Bf6 22. Qh3 Nf8 23. b4 Ned7 24. a4 Bg5 25. Bxg5 Nxb6 26. a5 Na8 27. Be3 b5 28.
axb6 Nxb6 29. c5 Na4 30. Bc4 Qc8 31. Bb3 Qd7 32. Bd4 Rb8 33. Qh6 Kf7 34. Qg7+
Ke8 35. c6 1-0

[Event "Politiken Cup 2008"]
[Site "Helsingør DEN"]
[Date "2008.07.19"]
[Round "1.40"]
[White "Schmidt, Horst Hubert"]
[Black "Hedman, Erik"]
[Result "0-1"]
[WhiteElo "1925"]
[BlackElo "2363"]
[PlyCount "38"]
[EventDate "2008.07.20"]
[EventType "swiss"]
[EventRounds "9"]
[EventCountry "DEN"]
[Source "lmi"]
[SourceDate "2008.07.20"]
[WhiteTeam "Brønshøj"]
[BlackTeam "SK Rokaden"]

1. e4 c5 2. g3 Nc6 3. Bg2 g6 4. Ne2 Bg7 5. d3 d6 6. Nbc3 e5 7. O-O Nge7 8. f4
O-O 9. h3 Be6 10. g4 f5 11. Ng3 fxg4 12. hxg4 exf4 13. Bxf4 Bd4+ 14. Kh1 Nd5
15. Nge2 Nxf4 16. Nxf4 Rxf4 17. Bf3 Qh4+ 18. Kg2 Bxg4 19. Rh1 Qf2# 0-1

[Event "Politiken Cup 2008"]
[Site "Helsingør DEN"]
[Date "2008.07.19"]
[Round "1.41"]
[White "Jepson, Christian"]
[Black "Nielsen, Preben"]
[Result "1-0"]
[WhiteElo "2358"]
[BlackElo "1921"]
[PlyCount "45"]
[EventDate "2008.07.20"]
[EventType "swiss"]
[EventRounds "9"]
[EventCountry "DEN"]
[Source "lmi"]
[SourceDate "2008.07.20"]
[WhiteTeam "Limhamn"]
[BlackTeam "Ålsgårde"]

1. d4 d5 2. c4 e6 3. Nc3 Nf6 4. cxd5 exd5 5. Bg5 Be7 6. e3 O-O 7. Bd3 c6 8. Qc2
Nbd7 9. Nge2 Re8 10. O-O Nf8 11. f3 g6 12. Kh1 Ne6 13. Bh4 Ng7 14. Bf2 Bf8 15.
Rad1 Nf5 16. e4 Ne7 17. Bh4 Bg7 18. h3 Qd7 19. e5 Nh5 20. g4 Bh6 21. f4 Bf8 22.
f5 gxf5 23. gxh5 1-0